Statistics for Χώρες που αρχίζουν από Γ

Click here to take the quiz!

General Stats

  • This quiz has been taken 1 074 times
  • The average score is 7 of 11

Answer Stats

Απάντηση% Correct
Γερμανία
95%
Γαλλία
94%
Γεωργία
77%
Γουινέα
70%
Γκάνα
68%
Γουατεμάλα
67%
Γκαμπόν
53%
Γουιάνα
50%
Γκάμπια
45%
Γρενάδα
43%
Γουινέα Μπισάου
32%

Score Distribution

Percentile by Number Answered

Percent of People with Each Score

Your Score History

You have not taken this quiz